00554cam a2200181 a 4500020001500000082001400015245004300029260003400072300002700106490001000133500007300143500005300216650001400269650001400283650003000297700002200327700002300349 a080311876700a025.06/5400aComputerized chemical data standards : aPhiladelphia :bASTM,cc1994. axiii, 156 p. :bill. ;1 aSTP ; aPapers presented at a symposium held in Atlanta, Ga., May 5-6, 1993. a"ASTM publication code number (PCN): 04-012140." 0aChemistry 0aChemistry 0aData transmission systems1 aLysakowski, Rich,1 aGragg, Charles E.,